| 000 | 02833nam a2200385 a 4500 | ||
|---|---|---|---|
| 001 | vtls003239220 | ||
| 003 | MY-SjTCS | ||
| 005 | 20200226115439.0 | ||
| 006 | m u | ||
| 007 | cr cn||||||||| | ||
| 008 | 120829s2011 caua sb 001 0 eng d | ||
| 010 | _z2010-037380 | ||
| 020 | _z9780520262737 (cloth : alk. paper) | ||
| 020 | _z9780520262744 (pbk.) | ||
| 020 | _z9780520948518 (e-book) | ||
| 035 | _a(OCoLC)754710231 | ||
| 035 | _a(CaPaEBR)ebr10498120 | ||
| 039 | 9 |
_y201208291111 _zwilmina |
|
| 040 |
_aCaPaEBR _cCaPaEBR |
||
| 050 | 1 | 4 |
_aP90 _b.M36622 2011eb |
| 082 | 0 | 4 |
_a302.23 _222 |
| 245 | 0 | 0 |
_aMedia archaeology _h[electronic resource] : _bapproaches, applications, and implications / _cedited by Erkki Huhtamo and Jussi Parikka. |
| 260 |
_aBerkeley, Calif. : _bUniversity of California Press, _cc2011. |
||
| 300 |
_ax, 356 p. : _bill. |
||
| 504 | _aIncludes bibliographical references and index. | ||
| 505 | 0 | _aIntroduction: toward an archaeology of media archaeology / Erkki Huhtamo and Jussi Parikka -- Engines of/in the imaginary. Dismantling the fairy engine: media archaeology as topos study / Erkki Huhtamo -- On the archaeology of imaginary media / Eric Kluitenberg -- On the origins of the origins of the influencing machine / Jeffrey Sconce -- Freud and the technical media : the enduring magic of the wunderblock / Thomas Elsaesser -- (Inter)facing media. The "baby talkie," domestic media, and the Japanese modern / Machiko Kusahara -- The observer's dilemma : to play or not to play / Wanda Strauven -- The game player's duty : the user as the gestalt of the ports / Claus Pias -- The enduring ephemeral, or the future is a memory / Wendy Hui Kyong Chun -- Between analog and digital. Erased dots & rotten dashes-how to wire a head for a preservation / Paul deMarinis -- Media archaeography-method & machine versus history & narrative of media / Wolfgang Ernst -- Mapping noise : techniques and tactics of irregularities, interception and disturbance / Jussi Parikka -- Objects of our affection : how object-orientation made computers a medium / Casey Alt -- Digital media archaeology : interpreting computational processes / Noah Wardrip-Fruin -- Afterword : media archaeology and re-presencing the past / Vivian Sobchack. | |
| 533 |
_aElectronic reproduction. _bPalo Alto, Calif. : _cebrary, _d2011. _nAvailable via World Wide Web. _nAccess may be limited to ebrary affiliated libraries. |
||
| 650 | 0 | _aMass media. | |
| 650 | 0 | _aInformation technology. | |
| 655 | 7 |
_aElectronic books. _2local |
|
| 700 | 1 | _aHuhtamo, Erkki. | |
| 700 | 1 |
_aParikka, Jussi, _d1976- |
|
| 710 | 2 |
_aebrary, Inc. _925628 |
|
| 856 | 4 | 0 |
_uhttps://ezproxy.taylors.edu.my/login?url=http://site.ebrary.com/lib/taylorscollege/Doc?id=10498120 _zAn electronic book accessible through the World Wide Web; click to view |
| 999 | _c148553 | ||